| 000 | 00398nam a2200157 a 4500 | ||
|---|---|---|---|
| 005 | 20251222140904.0 | ||
| 008 | 251222s2007##################000#0#eng## | ||
| 020 | _a9781418014070 | ||
| 082 | 0 | 4 |
_a648.6 _bDIP |
| 100 | 1 | _aIec, | |
| 245 | 1 | 0 | _aResidential Integrator's Basics |
| 260 |
_bCengage Learning, _c2007. |
||
| 300 | _a678 pages | ||
| 650 | 0 | _aTechnology & Engineering. | |
| 942 | _cENGLISH | ||
| 999 |
_c604059 _d604059 |
||